| 000 | 00990cam a2200229 4500 | ||
|---|---|---|---|
| 001 | ABS66820 | ||
| 008 | 030604n2002 000 0 eng u | ||
| 035 | _a(Sirsi) u122525 | ||
| 100 | _aLloyd, M. | ||
| 245 | _aState of repair | ||
| 260 | _c2002 | ||
| 490 |
_aInside Housing _v 6 December 2002, 22-23(2) |
||
| 520 | _aReports on the problem facing Scottish private owners and public landlords over repair and maintenance issues on their property. The Scottish Parliament is debating the reform of property but this will not address these issues. Scotland has more commonly owned property than the rest of the UK and these often suffer disproportionately from repair problems. There is no legal framework in Scotland to correct the problem. | ||
| 590 | _aABS | ||
| 650 | _aPROPERTY LAW | ||
| 650 | _aSCOTLAND | ||
| 650 | _aHOUSING STOCK | ||
| 650 | _aPRIVATE HOUSING | ||
| 650 | _aTITLE CONDITIONS (SCOTLAND) ACT 2003 | ||
| 690 | _aHOUSING-PRIVATE RENTED SECTOR | ||
| 942 | _n0 | ||
| 999 |
_c72827 _d72827 |
||